000 01099cam a2200313 a 4500
001 1431
005 20240222132414.0
020 _a9780590988247
040 _aDLC
_cDLC
_dDLC
_beng
050 0 0 _aPZ7.O81167
_bSu 1996
082 0 0 _a813.54
_220
100 1 _aOsborne, Mary Pope
245 1 0 _aSunset of the sabertooth /
_cby Mary Pope Osborne ; illustrated by Sal Murdocca.
260 _aNew York :
_bScholastic,
_c1996.
300 _a67 pages :
_billustrations
_c20 cm
490 _aMagic tree house
_vBook 7
500 _a"A first stepping stone book."
505 _aK
520 _aThe magic tree house transports Jack and Annie on a mission to the Ice Age where they encounter Cro-Magnons, cave bears, sabertooth tigers, and woolly mammoths.
521 _a520
_bLexile
521 _aK
_bRaz-Plus
650 1 _aPrehistoric peoples
_xFiction.
650 1 _aPrehistoric animals
_xFiction.
650 1 _aTime travel
_xFiction.
650 1 _aMagic
_xFiction.
700 1 _aMurdocca, Sal
_eillustrator
906 _a7
_bcbc
_corignew
_d1
_eocip
_f19
_gy-gencatlg
942 _2ddc
_cBK
_n0
999 _c1431
_d1431